| 000 | 00463nam a2200181Ia 4500 | ||
|---|---|---|---|
| 008 | 130318s9999 xx 000 0 und d | ||
| 020 | _a8173660573 | ||
| 082 | _a005.133JM OAK/J | ||
| 100 | _aOaks, Scott | ||
| 245 | _aJava threads | ||
| 250 | _a2 | ||
| 260 |
_bOreilly/Shroff Publishers and Distributors _aMumbai _c2000 |
||
| 300 | _a319 | ||
| 650 | _aJAVA | ||
| 650 | _aOBJECT ORIENTED PROGRAMMING | ||
| 650 | _aPROGRAMMING LANGUAGE | ||
| 700 | _aWong, Henry | ||
| 999 |
_c141 _d141 |
||